000
00327 a2200157 4500
001
62317
020
_a
9788501075819
040
_c
Anchieta - Pituba
100
_a
Byng, Georgia
240
1
0
_a
Molly Moon
_l
por
245
1
0
_a
Molly Moon
300
_a
333
362
0
_a
2007
650
4
_a
Ficção norte-americana
942
_c
BK
999
_c
62317
_d
62317